| 000 | 00540nam a22001817a 4500 | ||
|---|---|---|---|
| 999 |
_c62537 _d62537 |
||
| 005 | 20241203103856.0 | ||
| 008 | 241203s2019 enk||||| |||| 00| 0 eng d | ||
| 020 | _a9780241985830x | ||
| 041 | _aeng | ||
| 080 | _a159.955+37 B-80 | ||
| 100 |
_aBotton, Alain _923845 |
||
| 245 |
_aThe School of Life: _bAn Emotional Education / _cAlain de Botton. |
||
| 264 |
_aLondon : _bPenguin, _c2019. |
||
| 300 |
_a310 p. _b20 cm. |
||
| 653 | _aგანათლება | ||
| 653 | _aფსიქოლოგია | ||
| 942 |
_2udc _cᲬᲘᲒᲜᲘ |
||